[Event "1° ITT - 54 Aniv. Martelli"]
[Site "Villa Martelli"]
[Date "2008.07.10"]
[Round "4"]
[White "Aguilar, Andres"]
[Black "Rodriguez, Andres"]
[Result "0-1"]
[WhiteElo "2252"]
[BlackElo "2531"]
[PlyCount "60"]
[EventDate "2008.07.08"]
[SourceDate "2008.07.09"]

1. Nf3 f5 2. d3 Nf6 3. Bg5 e6 4. e4 Be7 5. exf5 exf5 6. g3 O-O 7. Bg2 Nc6 8.
O-O h6 9. Bf4 g5 10. Bd2 d5 11. h4 Ng4 12. hxg5 hxg5 13. c4 d4 14. Re1 f4 15.
gxf4 gxf4 16. Qc1 Bh4 17. Re2 Bf5 18. Bxf4 Bxd3 19. Nxh4 Bxe2 20. Bg3 Qf6 21.
Nd2 Rae8 22. Ne4 Qg7 23. Kh1 Nce5 24. Qd2 d3 25. Rg1 Nf3 26. Bxf3 Bxf3+ 27.
Nxf3 Rxf3 28. Kg2 Qg6 29. Ng5 Rf5 30. Nf3 Rxf3 0-1

[Event "1° ITT - 54 Aniv. Martelli"]
[Site "Villa Martelli"]
[Date "2008.07.10"]
[Round "4"]
[White "Iermito, Sebastian"]
[Black "Barrionuevo, Pablo"]
[Result "1/2-1/2"]
[WhiteElo "2385"]
[BlackElo "2363"]
[PlyCount "45"]
[EventDate "2008.07.08"]
[SourceDate "2008.07.09"]

1. e4 e5 2. Nf3 Nf6 3. Nxe5 d6 4. Nf3 Nxe4 5. d4 d5 6. Bd3 Bd6 7. O-O O-O 8. c4
Nf6 9. Bg5 dxc4 10. Bxc4 Bg4 11. h3 Bh5 12. g4 Bg6 13. Ne5 Be7 14. Nc3 Nfd7 15.
Bxe7 Qxe7 16. Qe2 Nxe5 17. dxe5 Nc6 18. e6 fxe6 19. Qxe6+ Qxe6 20. Bxe6+ Bf7
21. Bd5 Bxd5 22. Nxd5 Rf7 23. Rad1 1/2-1/2

[Event "1° ITT - 54 Aniv. Martelli"]
[Site "Villa Martelli"]
[Date "2008.07.10"]
[Round "4"]
[White "Paglilla, Carlos"]
[Black "Nina, Miguel Angel"]
[Result "0-1"]
[WhiteElo "2343"]
[BlackElo "2252"]
[PlyCount "100"]
[EventDate "2008.07.08"]
[SourceDate "2008.07.09"]

1. c4 e5 2. Nc3 f5 3. g3 Nf6 4. Bg2 g6 5. d3 Bg7 6. Nf3 d6 7. O-O O-O 8. Ne1 c6
9. e4 Be6 10. exf5 gxf5 11. f4 e4 12. Kh1 d5 13. cxd5 cxd5 14. dxe4 dxe4 15.
Qxd8 Rxd8 16. Nc2 Nc6 17. Ne3 Nb4 18. g4 Nxg4 19. Nxg4 fxg4 20. Bxe4 Bc4 21.
Rg1 h5 22. h3 Bd4 23. hxg4 Bxg1 24. Kxg1 hxg4 25. Kf2 Bd3 26. Be3 g3+ 27. Kf3
Bxe4+ 28. Nxe4 Rd3 29. Rg1 Nc2 30. Rxg3+ Kf7 31. Ke2 Rxe3+ 32. Rxe3 Nxe3 33.
Kxe3 b6 34. Kd4 Rh8 35. Nf2 Ke6 36. Nd3 Kf5 37. a4 Rd8+ 38. Kc4 Ke4 39. Ne5
Rd4+ 40. Kb5 Rd5+ 41. Kc6 Ra5 42. b3 Kxf4 43. Nc4 Rc5+ 44. Kd6 Ke4 45. a5 Rd5+
46. Kc6 bxa5 47. Nd6+ Ke5 48. Nc8 Rd3 49. Kb5 Rxb3+ 50. Kxa5 Ra3+ 0-1

[Event "1° ITT - 54 Aniv. Martelli"]
[Site "Villa Martelli"]
[Date "2008.07.10"]
[Round "4"]
[White "Malbran, Guillermo"]
[Black "Delai, Paula Fernanda"]
[Result "1/2-1/2"]
[WhiteElo "2241"]
[BlackElo "2081"]
[PlyCount "21"]
[EventDate "2008.07.08"]
[SourceDate "2008.07.09"]

1. e4 d5 2. exd5 Qxd5 3. Nc3 Qa5 4. d4 Nf6 5. Nf3 Bf5 6. Bc4 c6 7. Bd2 Qc7 8.
Qe2 e6 9. O-O-O Bb4 10. a3 Bxc3 11. Bxc3 1/2-1/2

[Event "1° ITT - 54 Aniv. Martelli"]
[Site "Villa Martelli"]
[Date "2008.07.10"]
[Round "4"]
[White "Pacheco, Marco"]
[Black "Goldwaser, Christian"]
[Result "1/2-1/2"]
[WhiteElo "2405"]
[BlackElo "2374"]
[PlyCount "50"]
[EventDate "2008.07.08"]
[SourceDate "2008.07.09"]

1. d4 d5 2. c4 c6 3. cxd5 cxd5 4. Nf3 Nf6 5. Nc3 Nc6 6. Bf4 Bf5 7. e3 e6 8. Bb5
Nd7 9. Rc1 Be7 10. Qb3 a6 11. Bxc6 bxc6 12. O-O g5 13. Be5 Rg8 14. Na4 g4 15.
Nd2 Kf8 16. Rxc6 Nxe5 17. dxe5 Kg7 18. Qc3 Rc8 19. Rc1 Rxc6 20. Qxc6 Qb8 21.
Qc7 Qb4 22. Nf1 Bd8 23. Qc6 Bd3 24. a3 Qb8 25. Qc3 Bxf1 1/2-1/2

[Event "1° ITT - 54 Aniv. Martelli"]
[Site "Villa Martelli"]
[Date "2008.07.11"]
[Round "5"]
[White "Goldwaser, Christian"]
[Black "Filgueira, Hernan"]
[Result "1-0"]
[WhiteElo "2374"]
[BlackElo "2330"]
[PlyCount "57"]
[EventDate "2008.07.08"]
[SourceDate "2008.07.09"]

1. Nf3 d5 2. d4 Nf6 3. c4 dxc4 4. e3 e6 5. Bxc4 c5 6. O-O a6 7. Bd3 Nbd7 8. Re1
b5 9. e4 cxd4 10. a4 b4 11. e5 Nd5 12. Nbd2 Nc5 13. Ne4 h6 14. Nxd4 Nxd3 15.
Qxd3 Bb7 16. Qg3 Qd7 17. Bd2 O-O-O 18. Nb3 Kb8 19. Rac1 g5 20. Nbc5 Bxc5 21.
Nxc5 Qe7 22. Qb3 a5 23. Ne4 Rc8 24. Nd6 Rc6 25. Rxc6 Bxc6 26. Rc1 Qc7 27. Be3
Qd7 28. Qc4 Kc7 29. Qa6 1-0

[Event "1° ITT - 54 Aniv. Martelli"]
[Site "Villa Martelli"]
[Date "2008.07.11"]
[Round "5"]
[White "Delai, Paula Fernanda"]
[Black "Pacheco, Marco"]
[Result "0-1"]
[WhiteElo "2081"]
[BlackElo "2405"]
[PlyCount "64"]
[EventDate "2008.07.08"]
[SourceDate "2008.07.09"]

1. e4 e6 2. Qe2 e5 3. Nf3 Nc6 4. g3 Nf6 5. Bg2 Bc5 6. O-O d6 7. d3 Bg4 8. c3
O-O 9. b4 Bb6 10. Bb2 Qd7 11. Nbd2 Ne7 12. Nc4 Ng6 13. Qc2 Rfe8 14. Rfe1 h6 15.
Nfd2 Bh3 16. Bh1 Rad8 17. Nxb6 axb6 18. Nc4 Be6 19. Ne3 d5 20. exd5 Nxd5 21. a3
Nxe3 22. Rxe3 Bf5 23. Rd1 e4 24. d4 Ne5 25. Bxe4 Nf3+ 26. Kg2 Bxe4 27. Rxe4 Qd5
28. Kxf3 f5 29. Rde1 Rxe4 30. c4 Qf7 31. Re3 Rde8 32. d5 b5 0-1

[Event "1° ITT - 54 Aniv. Martelli"]
[Site "Villa Martelli"]
[Date "2008.07.11"]
[Round "5"]
[White "Nina, Miguel Angel"]
[Black "Malbran, Guillermo"]
[Result "1/2-1/2"]
[WhiteElo "2252"]
[BlackElo "2241"]
[PlyCount "73"]
[EventDate "2008.07.08"]
[SourceDate "2008.07.09"]

1. e4 Nf6 2. e5 Nd5 3. Nc3 Nxc3 4. bxc3 d5 5. f4 c5 6. Nf3 Nc6 7. Be2 e6 8. O-O
Be7 9. Kh1 Bd7 10. Rb1 Qc7 11. d4 c4 12. g4 h5 13. gxh5 Rxh5 14. Ng5 Rh8 15.
Bg4 g6 16. Rf3 Rh4 17. Qg1 O-O-O 18. Nxf7 Rf8 19. Ng5 Bxg5 20. fxg5 Rxf3 21.
Bxf3 Qa5 22. Bb2 Ne7 23. Bg4 Qxa2 24. Qc1 Qa5 25. Ra1 Qb6 26. Ba3 Nf5 27. Bxf5
exf5 28. Bc5 Qe6 29. Rxa7 f4 30. Ra8+ Kc7 31. Bd6+ Kc6 32. Qa1 Rxh2+ 33. Kxh2
Qh3+ 34. Kg1 Qg3+ 35. Kh1 Qh3+ 36. Kg1 Qe3+ 37. Kh1 1/2-1/2

[Event "1° ITT - 54 Aniv. Martelli"]
[Site "Villa Martelli"]
[Date "2008.07.11"]
[Round "5"]
[White "Barrionuevo, Pablo"]
[Black "Paglilla, Carlos"]
[Result "1-0"]
[WhiteElo "2363"]
[BlackElo "2343"]
[PlyCount "71"]
[EventDate "2008.07.08"]
[SourceDate "2008.07.09"]

1. d4 d5 2. c4 c6 3. Nc3 Nf6 4. e3 g6 5. Nf3 Bg7 6. Be2 O-O 7. O-O Ne4 8. Qb3
dxc4 9. Bxc4 Nd6 10. Be2 Bg4 11. Rd1 Qb6 12. Qc2 Na6 13. a3 Nc7 14. b4 Ncb5 15.
Na4 Qc7 16. Nc5 b6 17. Nd3 a5 18. Bb2 axb4 19. axb4 Rxa1 20. Rxa1 Rc8 21. h3
Bf5 22. Nd2 c5 23. dxc5 Bxb2 24. Qxb2 Bxd3 25. Bxd3 bxc5 26. Bxb5 Nxb5 27. Rc1
Qd6 28. Ne4 Qd5 29. Rxc5 Rxc5 30. bxc5 Qc4 31. Qe5 f5 32. Ng5 h6 33. Ne6 Qc1+
34. Kh2 Kf7 35. Nd8+ Ke8 36. Nc6 1-0

[Event "1° ITT - 54 Aniv. Martelli"]
[Site "Villa Martelli"]
[Date "2008.07.11"]
[Round "5"]
[White "Guerrero, Alvaro"]
[Black "Aguilar, Andres"]
[Result "1-0"]
[WhiteElo "2154"]
[BlackElo "2252"]
[PlyCount "103"]
[EventDate "2008.07.08"]
[SourceDate "2008.07.09"]

1. d4 Nf6 2. c4 g6 3. Nc3 Bg7 4. e4 d6 5. Be3 O-O 6. Nge2 Ng4 7. Bg5 h6 8. Bd2
c5 9. h3 Nxf2 10. Kxf2 cxd4 11. Nd5 f5 12. exf5 Bxf5 13. Kg1 e6 14. Ndf4 e5 15.
Nd5 e4 16. Ng3 Nc6 17. Nxf5 Rxf5 18. Be2 d3 19. Bg4 Bd4+ 20. Ne3 Qg5 21. Qe1
Ne5 22. Kh2 Qf4+ 23. Qg3 Nxg4+ 24. hxg4 Qxg3+ 25. Kxg3 Be5+ 26. Kh3 Rf2 27.
Rad1 Bxb2 28. Nd5 Bd4 29. Rhe1 Re8 30. Kg3 Ref8 31. Bc3 Be5+ 32. Bxe5 dxe5 33.
Rxe4 Re2 34. Rxe2 dxe2 35. Re1 Rf1 36. Rxe2 Rc1 37. Ne3 Kf7 38. Kf3 Ke6 39. Ke4
b6 40. Rd2 Ra1 41. Rb2 Kd6 42. Re2 Ke6 43. Rd2 Kf6 44. Kd5 Re1 45. Rf2+ Kg5 46.
Ke4 Kh4 47. Rf6 Kg5 48. Re6 Ra1 49. Rxe5+ Kh4 50. Kf3 Rxa2 51. g3+ Kh3 52. Re6
1-0

[Event "1° ITT - 54 Aniv. Martelli"]
[Site "Villa Martelli"]
[Date "2008.07.12"]
[Round "6"]
[White "Filgueira, Hernan"]
[Black "Aguilar, Andres"]
[Result "1-0"]
[WhiteElo "2330"]
[BlackElo "2252"]
[PlyCount "83"]
[EventDate "2008.07.08"]
[SourceDate "2008.07.09"]

1. d4 Nf6 2. Nf3 g6 3. c4 Bg7 4. Nc3 O-O 5. e4 d6 6. h3 c5 7. d5 a6 8. a4 e6 9.
Bd3 exd5 10. cxd5 Nbd7 11. O-O Rb8 12. Re1 Qc7 13. Bf4 Re8 14. Rc1 Nh5 15. Bh2
Ne5 16. Nxe5 Bxe5 17. Bxe5 Rxe5 18. Qd2 Bd7 19. f4 Ree8 20. Be2 Ng7 21. Bf3 f6
22. e5 fxe5 23. fxe5 dxe5 24. Ne4 Qb6 25. a5 Qd8 26. Nxc5 Nf5 27. Bg4 Bb5 28.
Bxf5 gxf5 29. Rcd1 Qd6 30. Ne6 f4 31. Qc3 Rbc8 32. Qxe5 Qxe5 33. Rxe5 f3 34.
gxf3 Rc2 35. Rg5+ Kf7 36. Rg2 Rec8 37. b4 Rc1 38. Rgd2 R8c2 39. Rd4 h6 40. Rxc1
Rxc1+ 41. Kf2 Rh1 42. Nc5 1-0

[Event "1° ITT - 54 Aniv. Martelli"]
[Site "Villa Martelli"]
[Date "2008.07.12"]
[Round "6"]
[White "Iermito, Sebastian"]
[Black "Guerrero, Alvaro"]
[Result "1-0"]
[WhiteElo "2385"]
[BlackElo "2154"]
[PlyCount "65"]
[EventDate "2008.07.08"]
[SourceDate "2008.07.09"]

1. e4 c5 2. Nf3 Nc6 3. d4 cxd4 4. Nxd4 Nf6 5. Nc3 d6 6. Bg5 e6 7. Qd2 Be7 8.
O-O-O Nxd4 9. Qxd4 O-O 10. f4 Qa5 11. Bc4 Bd7 12. e5 dxe5 13. fxe5 Bc6 14. h4
Bc5 15. Qf4 Nd5 16. Bxd5 exd5 17. Bf6 Rfe8 18. Bxg7 Kxg7 19. Qf6+ Kf8 20. Rhf1
Qc7 21. Qh8+ Ke7 22. Rxf7+ Kd8 23. Qf6+ Be7 24. Nxd5 Bxd5 25. Rxd5+ Kc8 26.
Qe6+ Kb8 27. Rd7 Qc5 28. Rfxe7 Qe3+ 29. Rd2 Rxe7 30. Qxe7 a6 31. Qd8+ Ka7 32.
Qd4+ Qxd4 33. Rxd4 1-0

[Event "1° ITT - 54 Aniv. Martelli"]
[Site "Villa Martelli"]
[Date "2008.07.12"]
[Round "6"]
[White "Paglilla, Carlos"]
[Black "Rodriguez, Andres"]
[Result "1-0"]
[WhiteElo "2343"]
[BlackElo "2531"]
[PlyCount "105"]
[EventDate "2008.07.08"]
[SourceDate "2008.07.09"]

1. e4 d6 2. d4 g6 3. c4 Nd7 4. Nc3 e5 5. Nf3 Bg7 6. Bg5 Ne7 7. Qd2 h6 8. Be3 g5
9. h4 g4 10. Nh2 h5 11. Be2 Nc6 12. dxe5 Ndxe5 13. Nf1 Ng6 14. Bg5 f6 15. Be3
Be6 16. Ng3 Qd7 17. O-O-O Nce5 18. c5 dxc5 19. Qc2 Qf7 20. Bxc5 Nf4 21. Bf1 Bh6
22. Kb1 b6 23. Be3 Nfg6 24. Bxh6 Rxh6 25. Nf5 Rh7 26. Nd5 Kf8 27. Ba6 Kg8 28.
f4 gxf3 29. gxf3 Kh8 30. f4 Bxd5 31. exd5 Nxf4 32. d6 Ne6 33. Bb7 Rd8 34. Bd5
c6 35. Bxc6 Nc5 36. Bd5 Qg6 37. Rhg1 Ng4 38. Bc6 Nd7 39. Bxd7 Rhxd7 40. Rde1
Rxd6 41. Nxd6 Qxc2+ 42. Kxc2 Rxd6 43. Re7 f5 44. Rd1 Rc6+ 45. Kb3 Nf6 46. Rd8+
Ng8 47. Rxa7 Rg6 48. Rf8 Rg3+ 49. Kc4 f4 50. Rxf4 Rg4 51. Rxg4 hxg4 52. Kd4 Nf6
53. Ke3 1-0

[Event "1° ITT - 54 Aniv. Martelli"]
[Site "Villa Martelli"]
[Date "2008.07.12"]
[Round "6"]
[White "Malbran, Guillermo"]
[Black "Barrionuevo, Pablo"]
[Result "0-1"]
[WhiteElo "2241"]
[BlackElo "2363"]
[PlyCount "126"]
[EventDate "2008.07.08"]
[SourceDate "2008.07.09"]

1. e4 d6 2. d4 Nf6 3. Nc3 g6 4. Nf3 Bg7 5. h3 O-O 6. Be3 a6 7. Bd3 Nc6 8. O-O
e5 9. dxe5 dxe5 10. Qd2 Be6 11. Rad1 Qe7 12. Ng5 Rfd8 13. Nxe6 Qxe6 14. a3 Nd4
15. Bg5 Rd7 16. Bxf6 Qxf6 17. Nd5 Qh4 18. f3 Qd8 19. Qf2 c6 20. Ne3 Bf8 21. f4
exf4 22. Qxf4 Ne6 23. Qf3 Ng5 24. Qg3 Qe7 25. e5 Bg7 26. Ng4 Rad8 27. h4 Ne4
28. Qf3 Nc5 29. Nf6+ Bxf6 30. exf6 Qe5 31. b4 Ne6 32. Kh1 Nd4 33. Qf2 Nf5 34.
Rde1 Ng3+ 35. Kg1 Qd6 36. Qf4 Nxf1 37. Qxd6 Rxd6 38. Rxf1 h5 39. g3 Kf8 40. Rf3
Re8 41. Bc4 Re5 42. Rf4 Rf5 43. Rxf5 gxf5 44. Be2 Rxf6 45. Bxh5 Rh6 46. Be2 f4
47. Kf2 fxg3+ 48. Kxg3 Re6 49. Bd3 Re1 50. Kf4 Rh1 51. Kg5 Kg7 52. Bf5 f6+ 53.
Kg4 Rg1+ 54. Kf4 Rf1+ 55. Ke4 Ra1 56. Kd4 Rxa3 57. Bc8 b6 58. c4 Rb3 59. Bxa6
Rxb4 60. Kc3 c5 61. Bc8 Rb1 62. Bf5 Rh1 63. Be4 Rxh4 0-1

[Event "1° ITT - 54 Aniv. Martelli"]
[Site "Villa Martelli"]
[Date "2008.07.12"]
[Round "6"]
[White "Pacheco, Marco"]
[Black "Nina, Miguel Angel"]
[Result "1/2-1/2"]
[WhiteElo "2405"]
[BlackElo "2252"]
[PlyCount "99"]
[EventDate "2008.07.08"]
[SourceDate "2008.07.09"]

1. d4 Nf6 2. c4 e6 3. g3 Bb4+ 4. Bd2 Bxd2+ 5. Qxd2 d5 6. Bg2 O-O 7. Nf3 Nbd7 8.
O-O c6 9. Rc1 Re8 10. Qf4 a5 11. Nbd2 a4 12. e3 h6 13. Qd6 Ra6 14. Qa3 Qa5 15.
Qc3 Qc7 16. b4 Ra8 17. a3 Qb8 18. Ne5 Nxe5 19. dxe5 Nd7 20. f4 f6 21. exf6 Nxf6
22. Nf3 Bd7 23. Ne5 Re7 24. e4 Qa7+ 25. c5 Be8 26. Re1 Rd8 27. exd5 exd5 28.
Qd4 Qb8 29. Re3 Qc8 30. Rae1 Rc7 31. g4 Ne4 32. Bxe4 dxe4 33. Qxe4 Bf7 34. f5
Rd2 35. Nxf7 Rxf7 36. Rd3 Rxd3 37. Qxd3 h5 38. h3 hxg4 39. hxg4 Rd7 40. Qc4+
Kf8 41. Qe6 Qd8 42. Kg2 Rd3 43. Re3 Rd1 44. Kg3 Rg1+ 45. Kf4 Rf1+ 46. Ke5 Rd1
47. Kf4 Rf1+ 48. Kg3 Rg1+ 49. Kf4 Rf1+ 50. Kg3 1/2-1/2

[Event "1° ITT - 54 Aniv. Martelli"]
[Site "Villa Martelli"]
[Date "2008.07.12"]
[Round "6"]
[White "Goldwaser, Christian"]
[Black "Delai, Paula Fernanda"]
[Result "1-0"]
[WhiteElo "2374"]
[BlackElo "2081"]
[PlyCount "85"]
[EventDate "2008.07.08"]
[SourceDate "2008.07.09"]

1. Nf3 Nf6 2. c4 g6 3. d4 Bg7 4. Nc3 d6 5. Bg5 O-O 6. e3 c6 7. Qc2 Nbd7 8. Rd1
Qc7 9. Be2 e5 10. O-O Re8 11. dxe5 dxe5 12. Nd2 Nc5 13. b4 Ne6 14. Bh4 Nf8 15.
a3 Bf5 16. Qc1 h5 17. c5 N8h7 18. Nc4 g5 19. e4 Bxe4 20. Bxg5 Nxg5 21. Qxg5 Bg6
22. Nd6 Re7 23. Bc4 Kh8 24. Nf5 Bxf5 25. Qxf5 Qc8 26. Qc2 Qg4 27. Qa2 Rf8 28.
Rfe1 Bh6 29. Rd6 Kg7 30. Be2 Qf4 31. g3 Qf5 32. Qc4 e4 33. Nd1 Nd7 34. Qd4+ Ne5
35. Nc3 f6 36. Nxe4 Nf3+ 37. Bxf3 Qxf3 38. Re6 Rxe6 39. Qd7+ Rf7 40. Qxe6 Qxa3
41. Nd6 Rf8 42. Qd7+ Kg6 43. Qf5+ 1-0

[Event "1° ITT - 54 Aniv. Martelli"]
[Site "Villa Martelli"]
[Date "2008.07.13"]
[Round "7"]
[White "Delai, Paula Fernanda"]
[Black "Filgueira, Hernan"]
[Result "0-1"]
[WhiteElo "2081"]
[BlackElo "2330"]
[Annotator "Ferrara,Alexis"]
[PlyCount "60"]
[EventDate "2008.07.08"]
[SourceDate "2008.07.09"]

1. e4 c5 2. Nf3 e6 3. d3 Nc6 4. g3 g6 5. Bg2 Bg7 6. O-O Nge7 7. Re1 e5 8. c3 d6
9. Na3 O-O 10. Nc2 d5 11. exd5 Nxd5 12. d4 exd4 13. cxd4 Qb6 14. dxc5 Qxc5 15.
Ne3 Nf6 16. Qa4 Be6 17. Qh4 h6 18. Bd2 Qb5 19. Bf1 Qxb2 20. Nc4 Bxc4 21. Qxc4
Qa3 22. Nh4 Kh7 23. Rab1 Rac8 24. Rxb7 Qd6 25. Bf4 Qd5 26. Qxd5 Nxd5 27. Bd6
Rfd8 28. Ba3 Kg8 29. Bg2 Ne5 30. f3 Nd3 {Ilegible} 0-1

[Event "1° ITT - 54 Aniv. Martelli"]
[Site "Villa Martelli"]
[Date "2008.07.13"]
[Round "7"]
[White "Nina, Miguel Angel"]
[Black "Goldwaser, Christian"]
[Result "0-1"]
[WhiteElo "2252"]
[BlackElo "2374"]
[PlyCount "78"]
[EventDate "2008.07.08"]
[SourceDate "2008.07.09"]

1. e4 e6 2. d4 d5 3. e5 c5 4. c3 Qb6 5. Nf3 Nc6 6. a3 c4 7. g3 Bd7 8. Bh3 f6 9.
exf6 Nxf6 10. O-O Bd6 11. Re1 O-O 12. Bxe6+ Bxe6 13. Rxe6 Ne4 14. Nbd2 Nd8 15.
Rxe4 dxe4 16. Nxc4 Qc7 17. Nfe5 Bxe5 18. Nxe5 Nf7 19. Nxf7 Qxf7 20. Be3 b5 21.
Qc2 Qd5 22. Re1 Rf3 23. Bf4 Re8 24. Be3 h5 25. h4 Ref8 26. Kg2 Rxf2+ 27. Qxf2
Rxf2+ 28. Kxf2 Kf7 29. Ke2 Qb3 30. Rd1 Qxb2+ 31. Rd2 Qxc3 32. d5 Ke7 33. d6+
Kd7 34. Rd1 Qxa3 35. Bf4 Qf3+ 36. Kd2 Qf2+ 37. Kc3 b4+ 38. Kb3 Qf3+ 39. Kc2 b3+
0-1

[Event "1° ITT - 54 Aniv. Martelli"]
[Site "Villa Martelli"]
[Date "2008.07.13"]
[Round "7"]
[White "Barrionuevo, Pablo"]
[Black "Pacheco, Marco"]
[Result "1/2-1/2"]
[WhiteElo "2363"]
[BlackElo "2405"]
[PlyCount "74"]
[EventDate "2008.07.08"]
[SourceDate "2008.07.09"]

1. d4 Nf6 2. Bg5 e6 3. e4 h6 4. Bxf6 Qxf6 5. c3 d5 6. Nd2 Qd8 7. Ngf3 c5 8. Bd3
cxd4 9. Nxd4 Nc6 10. Qa4 Bd7 11. exd5 Nb4 12. Bb5 Nxd5 13. Bxd7+ Qxd7 14. Qxd7+
Kxd7 15. O-O-O Bc5 16. N4b3 Bb6 17. Nc4 Ke7 18. Nxb6 Nxb6 19. Na5 Rab8 20. Rd2
Rhc8 21. Rhd1 Rc5 22. Nb3 Rh5 23. h3 Rd5 24. Rxd5 Nxd5 25. Rd4 b6 26. Kc2 Rc8
27. Nd2 Rc7 28. Kb3 Nf6 29. Nf3 Nd7 30. Kc2 e5 31. Rd1 f5 32. b4 Ke6 33. Re1
Kf6 34. Rd1 Ke6 35. Re1 Kf6 36. Rd1 Ke6 37. Re1 Kf6 1/2-1/2

[Event "1° ITT - 54 Aniv. Martelli"]
[Site "Villa Martelli"]
[Date "2008.07.13"]
[Round "7"]
[White "Rodriguez, Andres"]
[Black "Malbran, Guillermo"]
[Result "1-0"]
[WhiteElo "2531"]
[BlackElo "2241"]
[PlyCount "99"]
[EventDate "2008.07.08"]
[SourceDate "2008.07.09"]

1. f4 d5 2. Nf3 g6 3. g3 Bg7 4. Bg2 c5 5. O-O Nc6 6. d3 Nf6 7. Nc3 d4 8. Ne4
Nxe4 9. dxe4 c4 10. e5 Qb6 11. e3 Bg4 12. exd4 Bxf3 13. Rxf3 Qxd4+ 14. Qxd4
Nxd4 15. Rf2 O-O-O 16. Bf1 c3 17. bxc3 Nc6 18. Be3 f6 19. Bg2 Kc7 20. Rb1 b6
21. Be4 e6 22. c4 f5 23. Bg2 Bf8 24. Bf1 Bc5 25. Bxc5 bxc5 26. Rb5 a6 27. Rb3
Rd1 28. Ra3 Kb6 29. c3 Rb1 30. Rd2 Rd8 31. Rxd8 Nxd8 32. Rb3+ Rxb3 33. axb3 g5
34. Kf2 g4 35. Ke3 Nc6 36. Kd2 a5 37. Bg2 Ne7 38. Kc2 h5 39. Kb2 Ng6 40. Ka3 h4
41. b4 h3 42. Bh1 Ne7 43. b5 Ng6 44. Bc6 Nf8 45. Ka4 Ng6 46. Be8 Nf8 47. Bf7
Kc7 48. Kxa5 Kb7 49. Be8 Nh7 50. Bc6+ 1-0

[Event "1° ITT - 54 Aniv. Martelli"]
[Site "Villa Martelli"]
[Date "2008.07.13"]
[Round "7"]
[White "Guerrero, Alvaro"]
[Black "Paglilla, Carlos"]
[Result "1-0"]
[WhiteElo "2154"]
[BlackElo "2343"]
[PlyCount "157"]
[EventDate "2008.07.08"]
[SourceDate "2008.07.09"]

1. d4 Nf6 2. c4 g6 3. Nc3 Bg7 4. e4 d6 5. f3 O-O 6. Be3 e5 7. Nge2 exd4 8. Nxd4
c6 9. Nc2 Be6 10. Qd2 Na6 11. Rd1 Qa5 12. Be2 Rfd8 13. O-O Qc7 14. Kh1 d5 15.
cxd5 cxd5 16. Nb5 Qe7 17. e5 Nd7 18. Bg5 f6 19. exf6 Nxf6 20. Rfe1 Qd7 21. Nbd4
Nc7 22. Bb5 Qf7 23. Ba4 Bd7 24. Bb3 a5 25. a3 a4 26. Ba2 Re8 27. Qb4 Bc6 28.
Qd6 Qd7 29. Qb4 Rxe1+ 30. Rxe1 Re8 31. Nxc6 Rxe1+ 32. Nxe1 bxc6 33. Qxa4 Nfe8
34. Qc2 Qe6 35. Nd3 Bd4 36. a4 c5 37. Qd2 c4 38. Nf4 Qe5 39. Ne2 Bxb2 40. Bf4
c3 41. Qd3 Qe6 42. Bg3 Qf5 43. Qxf5 gxf5 44. Be5 Kf7 45. f4 Ke7 46. Nxc3 Bxc3
47. Bxc3 Ke6 48. Kg1 Nd6 49. Be5 Na6 50. Bb1 Ne4 51. Bd3 Nb4 52. Bb5 Nc5 53.
Bc3 Nba6 54. Bd4 Nb3 55. Bb6 Nbc5 56. Kf2 d4 57. Bxa6 Nxa6 58. Bxd4 Kd5 59. Ke3
Nb4 60. Bc3 Na6 61. a5 Nc5 62. Bb4 Na6 63. Ba3 Nc7 64. Be7 Na6 65. Kd3 h5 66.
Ke3 Nc7 67. Kf3 Na6 68. Kg3 Ke6 69. Ba3 Kf7 70. Kh4 Kg6 71. Bd6 Kh6 72. h3 Kg6
73. g4 hxg4 74. hxg4 fxg4 75. Kxg4 Kf6 76. f5 Kf7 77. Kf4 Ke8 78. Ke4 Kd7 79.
Kd5 1-0

[Event "1° ITT - 54 Aniv. Martelli"]
[Site "Villa Martelli"]
[Date "2008.07.13"]
[Round "8"]
[White "Paglilla, Carlos"]
[Black "Aguilar, Andres"]
[Result "1/2-1/2"]
[WhiteElo "2343"]
[BlackElo "2252"]
[PlyCount "22"]
[EventDate "2008.07.08"]
[SourceDate "2008.07.09"]

1. e4 e5 2. Nf3 Nc6 3. Nc3 Nf6 4. Bb5 Nd4 5. Ba4 Bc5 6. d3 Nxf3+ 7. Qxf3 c6 8.
O-O d6 9. Bb3 h6 10. Kh1 Qe7 11. Be3 Be6 1/2-1/2

[Event "1° ITT - 54 Aniv. Martelli"]
[Site "Villa Martelli"]
[Date "2008.07.13"]
[Round "8"]
[White "Delai, Paula Fernanda"]
[Black "Nina, Miguel Angel"]
[Result "0-1"]
[WhiteElo "2081"]
[BlackElo "2252"]
[PlyCount "60"]
[EventDate "2008.07.08"]
[SourceDate "2008.07.09"]

1. d4 Nf6 2. Nf3 c5 3. e3 d5 4. Nbd2 Nc6 5. b3 cxd4 6. Nxd4 e5 7. Nxc6 bxc6 8.
Bb2 Bb4 9. Bxe5 Ne4 10. c3 Nxc3 11. Bxc3 Bxc3 12. Rc1 Bb4 13. Rxc6 O-O 14. Bd3
d4 15. O-O dxe3 16. Ne4 Bb7 17. Rc2 Qe7 18. f3 f5 19. Ng3 f4 20. Ne4 Kh8 21.
Qa1 Rad8 22. Rd1 Bxe4 23. Bxe4 Bd2 24. g3 fxg3 25. hxg3 Qg5 26. Kg2 e2 27. Rh1
h6 28. Re1 Qe3 29. Rc7 Rd4 30. Re7 Bxe1 0-1

[Event "1° ITT - 54 Aniv. Martelli"]
[Site "Villa Martelli"]
[Date "2008.07.13"]
[Round "8"]
[White "Goldwaser, Christian"]
[Black "Barrionuevo, Pablo"]
[Result "1-0"]
[WhiteElo "2374"]
[BlackElo "2363"]
[PlyCount "51"]
[EventDate "2008.07.08"]
[SourceDate "2008.07.09"]

1. Nf3 Nc6 2. d4 d5 3. Bf4 Bg4 4. e3 e6 5. Nbd2 Bd6 6. c3 Nge7 7. Qb3 O-O 8.
Bd3 a6 9. O-O Qd7 10. Rfe1 Rfe8 11. Bg3 Nf5 12. e4 dxe4 13. Rxe4 Bh5 14. Bxd6
Nxd6 15. Re3 Bg6 16. Bxg6 hxg6 17. Rae1 a5 18. Ne4 a4 19. Qd1 Nf5 20. Rd3 Qd5
21. a3 b6 22. Qc2 Red8 23. Ned2 b5 24. Nf1 Nd6 25. Ne5 Nxe5 26. dxe5 1-0

[Event "1° ITT - 54 Aniv. Martelli"]
[Site "Villa Martelli"]
[Date "2008.07.13"]
[Round "8"]
[White "Pacheco, Marco"]
[Black "Rodriguez, Andres"]
[Result "1/2-1/2"]
[WhiteElo "2405"]
[BlackElo "2531"]
[PlyCount "88"]
[EventDate "2008.07.08"]
[SourceDate "2008.07.09"]

1. e4 e5 2. Nf3 Nc6 3. Bb5 a6 4. Ba4 Nf6 5. O-O b5 6. Bb3 Bc5 7. d3 d6 8. Be3
Bg4 9. Bxc5 dxc5 10. Nbd2 O-O 11. Qe1 Qd6 12. Qe3 Rad8 13. a4 Nd4 14. Nxd4 cxd4
15. Qe1 Nd7 16. f3 Be6 17. Bxe6 Qxe6 18. Qe2 Qc6 19. axb5 axb5 20. Rfc1 Ra8 21.
Nf1 Rxa1 22. Rxa1 Ra8 23. Rxa8+ Qxa8 24. Qe1 c5 25. Qh4 f6 26. Qg4 Nf8 27. f4
Qe8 28. fxe5 Qxe5 29. Qc8 c4 30. dxc4 d3 31. c3 b4 32. Qd8 Qxe4 33. Qd5+ Qxd5
34. cxd5 Nd7 35. cxb4 Nb6 36. d6 Kf7 37. Kf2 Nd5 38. b5 Ke6 39. Ke1 Kxd6 40.
Kd2 Kc5 41. Ne3 Nb4 42. Kc3 Kxb5 43. Nd1 f5 44. Nf2 d2 1/2-1/2

[Event "1° ITT - 54 Aniv. Martelli"]
[Site "Villa Martelli"]
[Date "2008.07.10"]
[Round "4"]
[White "Filgueira, Hernan"]
[Black "Guerrero, Alvaro"]
[Result "1-0"]
[WhiteElo "2330"]
[BlackElo "2154"]
[Annotator "Ferrara,Alexis"]
[PlyCount "67"]
[EventDate "2008.07.08"]
[SourceDate "2008.07.09"]

1. d4 Nf6 2. Nf3 g6 3. Bf4 Bg7 4. e3 O-O 5. h3 d6 6. Be2 Nbd7 7. c4 c5 8. Nc3
b6 9. O-O Bb7 10. d5 a6 11. a4 Qc7 12. e4 Rfe8 13. Qd2 Rad8 14. Rad1 Nf8 15.
Bh2 N6d7 16. Qc2 Nb8 17. Rfe1 Bc8 18. Rb1 e5 19. dxe6 fxe6 20. Rbd1 Nc6 21. Qb1
Bb7 22. Bf4 Nd4 23. Be3 Nxe2+ 24. Rxe2 Qc6 25. Qa2 Qc7 26. Nh2 Qe7 27. f3 Nd7
28. Qb3 Ne5 29. Red2 Qc7 30. Ng4 Nf7 31. Ne2 Bc6 32. Qc2 Qd7 33. b3 Qc7 34. Nf4
{Ilegible} 1-0